Cheshire Train Stations - Statistics

General Stats
  • This quiz has been taken 85 times
  • The average score is 25 of 54
Answer Stats
Operator Station % Correct
Transport for Wales Chester
95%
Avanti West Coast Crewe
90%
Transport for Wales Nantwich
79%
Avanti West Coast Runcorn
79%
CrossCountry Macclesfield
74%
Northern Northwich
74%
Northern Wilmslow
69%
Northern Knutsford
66%
London Northwestern Railway Winsford
66%
Merseyrail Ellesmere Port
62%
Transport for Wales Frodsham
62%
Northern Alderley Edge
59%
Avanti West Coast Warrington Bank Quay
59%
Northern Warrington Central
59%
Northern Widnes
59%
East Midlands Railway Alsager
57%
Northern Congleton
57%
Transport for Wales Helsby
57%
London Northwestern Railway Hartford
54%
Northern Sandbach
54%
Northern Delamere
49%
Northern Holmes Chapel
46%
Transport for Wales Runcorn East
44%
London Northwestern Railway Acton Bridge
43%
Merseyrail Hooton
43%
Merseyrail Bache
39%
Merseyrail Capenhurst
39%
Transport for Wales Neston
39%
Northern Poynton
39%
Northern Warrington West
39%
Northern Lostock Gralam
38%
Northern Mobberley
38%
Northern Mouldsworth
36%
Northern Goostrey
34%
Northern Greenbank
34%
Merseyrail Little Sutton
34%
Northern Cuddington
33%
Merseyrail Overpool
33%
Northern Birchwood
31%
Northern Chelford
31%
Northern Handforth
30%
Northern Ince & Elton
30%
Northern Plumley
30%
Northern Sankey for Penketh
30%
Northern Prestbury
28%
Northern Ashley
26%
Northern Padgate
26%
Northern Adlington
25%
Northern Stanlow & Thornton
25%
Northern Styal
25%
Transport for Wales Wrenbury
23%
Northern Disley
21%
Northern Hough Green
21%
Northern Glazebrook
18%
No matching quizzes found
Score Distribution
Percent of People with Each Score
Percentile by Number Answered
Your Score History
You have not taken this quiz